000 00961nam0a2200289 4500
001 RU\NLR\bibl\1000750
005 20260406123534.0
010 _a5-699-16976-8
_bКП
010 _a5-699-16977-6
_bСР
021 _aRU
_b2006-56557
_92798
035 _a(NLR Aleph) 000988468
090 _a503708
_c503708
100 _a20061024d2006 |||y0rusy50 ca
101 1 _arus
_ceng
102 _aRU
105 _ay |||||||||
200 1 _aГолубоглазая ведьма
_eроман
_fБарбара Картленд
_g[пер. с англ. О. Кутуминой]
210 _aМосква
_cЭКСМО
_d2006
215 _a254,[1] с.
_d20
225 1 _aСобрание романов
686 _aШ6(4Вл)67-440.4{Лх1299-50}
700 1 _4070
_8rus
_7ca
_aКартланд
_bБ.
_f1901-2000
_gБарбара
_3RU\NLR\auth\77841
_9110879
801 0 _aRU
_bNLR
_c20061024
_grcr
801 1 _aRU
_bNLR
_c20061024
942 _cBOOK
980 _aNB